Effect of a paraphrasing strategy on the text comprehension of fourth-grade striving readers / (Record no. 21736)
[ view plain ]
| 000 -LEADER | |
|---|---|
| fixed length control field | 00698nam a22001817a 4500 |
| 003 - CONTROL NUMBER IDENTIFIER | |
| control field | OSt |
| 005 - DATE AND TIME OF LATEST TRANSACTION | |
| control field | 20240920172102.0 |
| 008 - FIXED-LENGTH DATA ELEMENTS--GENERAL INFORMATION | |
| fixed length control field | 240920b ||||| |||| 00| 0 eng d |
| 040 ## - CATALOGING SOURCE | |
| Transcribing agency | 0 |
| 100 ## - MAIN ENTRY--PERSONAL NAME | |
| Personal name | Eric K. Washburn, |
| Relator term | author. |
| 9 (RLIN) | 61304 |
| 245 ## - TITLE STATEMENT | |
| Title | Effect of a paraphrasing strategy on the text comprehension of fourth-grade striving readers / |
| Statement of responsibility, etc. | Eric K. Washburn, Sherri Abdullah, and Candace A. Mulcahy. |
| 260 ## - PUBLICATION, DISTRIBUTION, ETC. (IMPRINT) | |
| Place of publication, distribution, etc. | USA; |
| Name of publisher, distributor, etc. | Univirsity of Chicago Press, |
| Date of publication, distribution, etc. | February 2021. |
| 300 ## - PHYSICAL DESCRIPTION | |
| Extent | volume 122, pages 586-608, |
| Other physical details | illustration. |
| 700 ## - ADDED ENTRY--PERSONAL NAME | |
| Personal name | Eric K. Washburn, |
| Relator term | author. |
| 9 (RLIN) | 61304 |
| 700 ## - ADDED ENTRY--PERSONAL NAME | |
| Personal name | Abdullah, Sherri. |
| Relator term | author. |
| 9 (RLIN) | 61305 |
| 700 ## - ADDED ENTRY--PERSONAL NAME | |
| Personal name | Mulcahy, Candace A. |
| Relator term | author. |
| 9 (RLIN) | 61306 |
| 942 ## - ADDED ENTRY ELEMENTS (KOHA) | |
| Source of classification or shelving scheme | Dewey Decimal Classification |
| Koha item type | Periodicals |
| Withdrawn status | Lost status | Source of classification or shelving scheme | Damaged status | Not for loan | Collection code | Home library | Current library | Date acquired | Total Checkouts | Date last seen | Price effective from | Koha item type | Public note |
|---|---|---|---|---|---|---|---|---|---|---|---|---|---|
| Dewey Decimal Classification | Periodicals | UM Digos College - LIC | UM Digos College - LIC | 09/20/2024 | 09/20/2024 | 09/20/2024 | Periodicals | Periodical Article |
